000 00374 a2200109 4500
020 _a053435601X
082 _a519.5 DEV
100 _aDevore, Jay L.
245 _aApplied statistics for engineers and scientists
_cJay L. Devore, Nicholas R. Farnum.
260 _aPacific Grove, Calif. :
_bDuxbury Press,
_c1999.
300 _axiv, 577 p. :
_bill. (some col.) ;
_c24 cm. +
650 _aMathematical statistics.
999 _c542
_d542